000
00227 a2200109 4500
245
_a
PEYTON PLACE
_h
Text
020
_a
0330202618
100
_a
METALIOUS GRACE
650
_a
INDIAN LITERATURE
005
20191017172052.0
260
_c
1959
084
_a
NONE
999
_c
8386
_d
8386